সাক্ষী ছিল শিরস্ত্রান / (Record no. 259209)
[ view plain ]
| 000 -LEADER | |
|---|---|
| fixed length control field | 00848nam a22002297a 4500 |
| 003 - CONTROL NUMBER IDENTIFIER | |
| control field | BD-DhUL |
| 005 - DATE AND TIME OF LATEST TRANSACTION | |
| control field | 20240422125239.0 |
| 008 - FIXED-LENGTH DATA ELEMENTS--GENERAL INFORMATION | |
| fixed length control field | 240401s2023 bg ||||| b||| 001 0 ben |
| 020 ## - INTERNATIONAL STANDARD BOOK NUMBER | |
| International Standard Book Number | 9789849813712 (hbk) |
| 040 ## - CATALOGING SOURCE | |
| Original cataloging agency | BD-DhUL |
| Transcribing agency | BD-DhUL |
| 082 ## - DEWEY DECIMAL CLASSIFICATION NUMBER | |
| Classification number | 891.443 |
| Item number | RIS |
| 100 10 - MAIN ENTRY--PERSONAL NAME | |
| Personal name | রিজওয়ান, সুহান |
| 245 ## - TITLE STATEMENT | |
| Title | সাক্ষী ছিল শিরস্ত্রান / |
| Statement of responsibility, etc. | সুহান রিজওয়ান । |
| 250 ## - EDITION STATEMENT | |
| Edition statement | ১ম বাতিঘর |
| 260 ## - PUBLICATION, DISTRIBUTION, ETC. (IMPRINT) | |
| Place of publication, distribution, etc. | ঢাকা : |
| Name of publisher, distributor, etc. | বাতিঘর, |
| Date of publication, distribution, etc. | ২০২৩ । |
| 300 ## - PHYSICAL DESCRIPTION | |
| Extent | ৪৩০ পৃ. ; |
| Dimensions | ২২ সেমি . |
| 365 ## - TRADE PRICE | |
| Price type code | BDT |
| Price amount | 800.00 |
| 504 ## - BIBLIOGRAPHY, ETC. NOTE | |
| Bibliography, etc | গ্রন্থপঞ্জিগত তথ্য সংবলিত |
| 650 #4 - SUBJECT ADDED ENTRY--TOPICAL TERM | |
| Source of heading or term | বাংলা উপন্যাস |
| 650 #4 - SUBJECT ADDED ENTRY--TOPICAL TERM | |
| Source of heading or term | Bengali Fictions |
| 942 ## - ADDED ENTRY ELEMENTS (KOHA) | |
| Source of classification or shelving scheme | |
| Koha item type | Books |
| Price effective from | Date last seen | Permanent Location | Not for loan | Date acquired | Source of classification or shelving scheme | Koha item type | Lost status | Withdrawn status | Copy number | Source of acquisition | Collection code | Damaged status | Shelving location | Barcode | Current Location | Public note | Full call number |
|---|---|---|---|---|---|---|---|---|---|---|---|---|---|---|---|---|---|
| 2024-04-01 | 2024-04-01 | Dhaka University Library | Not For Loan | 2024-03-12 | Books | 1 | Purchased | Non Fiction | Liberation War Collection | 513490 | Dhaka University Library | Liberation war cell | 891.443 RIS | ||||
| 2024-04-01 | 2024-04-01 | Dhaka University Library | Not For Loan | 2024-03-12 | Books | 2 | Purchased | Non Fiction | Liberation War Collection | 513491 | Dhaka University Library | Liberation war cell | 891.443 RIS |
